Journal of professional research in social sciences / (Record no. 534524)
[ view plain ]
| 000 -LEADER | |
|---|---|
| fixed length control field | 00379nam a22001217a 4500 |
| 022 ## - INTERNATIONAL STANDARD SERIAL NUMBER | |
| International Standard Serial Number | 2312-8755 E-2411-5037 |
| 082 ## - DEWEY DECIMAL CLASSIFICATION NUMBER | |
| Classification number | Vol- |
| 245 ## - TITLE STATEMENT | |
| Title | Journal of professional research in social sciences / |
| Statement of responsibility, etc | Centre for Research and Development Faculty of Social. |
| 260 ## - PUBLICATION, DISTRIBUTION, ETC. (IMPRINT) | |
| Place of publication, distribution, etc | Lahore: |
| Name of publisher, distributor, etc | Minhaj university. |
| 300 ## - PHYSICAL DESCRIPTION | |
| Dimensions | 24cm. |
| 650 ## - SUBJECT ADDED ENTRY--TOPICAL TERM | |
| Topical term or geographic name as entry element | Social Sciences - Journals, |
| 942 ## - ADDED ENTRY ELEMENTS (KOHA) | |
| Koha item type | Continuing Resources |
| Damaged status | Not for loan | Permanent Location | Current Location | Date acquired | Full call number | Barcode | Koha item type |
|---|---|---|---|---|---|---|---|
| Central Library (CL) | Central Library (CL) | 03/01/2020 | Vol-2, No-2 Winter 2015 | S-96068 | Continuing Resources |
